Diccionario Inglés-Español Español-Inglés. (Registro nro. 8313)
[ vista simple ]
| 000 -LEADER | |
|---|---|
| fixed length control field | 01097nam a22003017a 4500 |
| 001 - CONTROL NUMBER | |
| control field | 0074 |
| 003 - CONTROL NUMBER IDENTIFIER | |
| control field | DO-SdBNP |
| 005 - DATE AND TIME OF LATEST TRANSACTION | |
| control field | 20170914150253.0 |
| 007 - PHYSICAL DESCRIPTION FIXED FIELD--GENERAL INFORMATION | |
| fixed length control field | 0074 |
| 008 - FIXED-LENGTH DATA ELEMENTS--GENERAL INFORMATION | |
| fixed length control field | 150930b sp 2007 xxu||||| |||| 00| 0 spa d |
| 020 ## - INTERNATIONAL STANDARD BOOK NUMBER | |
| International Standard Book Number | 8482592904 |
| 040 ## - CATALOGING SOURCE | |
| Original cataloging agency | BPMSU |
| Language of cataloging | spa |
| Transcribing agency | BPMSU |
| 082 ## - DEWEY DECIMAL CLASSIFICATION NUMBER | |
| Classification number | R 463.21 |
| Item number | D545i |
| 245 ## - TITLE STATEMENT | |
| Title | Diccionario Inglés-Español Español-Inglés. |
| Statement of responsibility, etc. | compilador Ricard Jordana Puigpinós y Paul J. Chamberlain; con la colaboración de Monserrat Dejuán... [et al.] |
| 260 ## - PUBLICATION, DISTRIBUTION, ETC. (IMPRINT) | |
| Place of publication, distribution, etc. | Barcelona : |
| Name of publisher, distributor, etc. | Alfa Nauta, |
| Date of publication, distribution, etc. | 2007 |
| 300 ## - PHYSICAL DESCRIPTION | |
| Extent | 188 p. ; |
| Dimensions | 28 cm. |
| 490 10 - SERIES STATEMENT | |
| Series statement | Alfa nauta |
| 505 ## - FORMATTED CONTENTS NOTE | |
| Field link and sequence number | Contiene abreviaturas, tabla de símbolos fonéticos, notas para el uso del diccionario, diccionario inglés-español, diccionario español-inglés. |
| 650 ## - SUBJECT ADDED ENTRY--TOPICAL TERM | |
| Topical term or geographic name as entry element | ESPAÑOL |
| General subdivision | DICCIONARIOS |
| -- | INGLÉS |
| 650 ## - SUBJECT ADDED ENTRY--TOPICAL TERM | |
| Topical term or geographic name as entry element | INGLÉS |
| General subdivision | DICCIONARIOS |
| -- | ESPAÑOL |
| 700 ## - ADDED ENTRY--PERSONAL NAME | |
| Personal name | Chamberlain, Paul J. |
| 700 ## - ADDED ENTRY--PERSONAL NAME | |
| Personal name | Jordana Puigpinós, Ricard. |
| 700 ## - ADDED ENTRY--PERSONAL NAME | |
| Personal name | Dejuán, Monserrat |
| 942 ## - ADDED ENTRY ELEMENTS (KOHA) | |
| Source of classification or shelving scheme | Dewey Decimal Classification |
| Koha item type | Libros |
| 945 ## - LOCAL PROCESSING INFORMATION (OCLC) | |
| a | Inventariado /2017 VM |
| 956 ## - LOCAL ELECTRONIC LOCATION AND ACCESS (OCLC) | |
| Host name | Brenda Tavárez |
| 956 ## - LOCAL ELECTRONIC LOCATION AND ACCESS (OCLC) | |
| Host name | Validado. Control de calidad MFF |
| Withdrawn status | Lost status | Source of classification or shelving scheme | Damaged status | Not for loan | Collection code | Home library | Current library | Date acquired | Source of acquisition | Total Checkouts | Full call number | Barcode | Date last seen | Copy number | Price effective from | Koha item type |
|---|---|---|---|---|---|---|---|---|---|---|---|---|---|---|---|---|
| Dewey Decimal Classification | Colección de Referencia General | Biblioteca Pública Metropolitana Salomé Ureña | Biblioteca Pública Metropolitana Salomé Ureña | 09/02/2016 | Compra | R463.21 D545i | BPMSU16090048 | 09/02/2016 | e.2 | 09/02/2016 | Libros | |||||
| Dewey Decimal Classification | Colección de Referencia General | Biblioteca Pública Metropolitana Salomé Ureña | Biblioteca Pública Metropolitana Salomé Ureña | 09/14/2017 | Compra | R 463.21 D545i | BPMET17090013 | 09/14/2017 | 09/14/2017 | Libros |